Statistics for 「一回だけ使用されている文字」近畿編

Click here to take the quiz!

General Stats

  • This quiz has been taken 180 times
  • The average score is 27 of 32

Answer Stats

文字県名解答欄% Correct
大阪府寝屋川市
99%
大阪府堺市
99%
兵庫県尼崎市
98%
京都府舞鶴市
98%
大阪府四條畷市
98%
兵庫県淡路市
98%
大阪府枚方市
98%
大阪府摂津市
97%
橿奈良県橿原市
97%
大阪府交野市
97%
大阪府高槻市
97%
大阪府羽曳野市
94%
三重県尾鷲市
92%
和歌山県御坊市
92%
兵庫県播磨町
92%
奈良県斑鳩町
91%
兵庫県西脇市
90%
大阪府箕面市
89%
奈良県宇陀市
86%
京都府精華町
86%
三重県菰野町
85%
京都府与謝野町
83%
三重県東員町
82%
兵庫県宍粟市
81%
奈良県平群町
78%
大阪府忠岡町
76%
兵庫県佐用町
76%
京都府和束町
61%
奈良県曽爾村
57%
奈良県安堵町
57%
奈良県御杖村
48%
奈良県広陵町
38%

Score Distribution

Percentile by Number Answered

Percent of People with Each Score

Your Score History

You have not taken this quiz